Quel pays pour ces codes internationaux ? (7) - Statistiques

Statistiques générales
  • Ce quiz a été pris 29 fois
  • Le résultat moyen est 14 sur 20
Statistiques - réponses
Codes Pays % Correct
NZL / NZ / ZL / ZM / ZK Nouvelle-Zélande
100%
DJ / DJI / HD / J2 Djibouti
96%
RO / ROU / LR / YR Roumanie
96%
SOM / SO / HC / 6O Somalie
92%
OJ / JO / JOR / JY Jordanie
88%
MM / MX / MEX / XB Mexique
88%
UG / GE / GG / GEO Géorgie
83%
KS / KOR / RK / KR / HL Corée-du-Sud
79%
MP / PA / PM / PAN / Panama
79%
HK / SK / CO / COL / co Colombie
75%
IS / ISR / LL / IL / il Israël
75%
ne / NER / NG / DR / NE Niger
75%
C3 / AD / AN / AND Andorre
71%
HTI / HA / MT / HT Haïti
71%
ML / MLI / GA / ml Mali
71%
TTO / TD / TT / 9Y Trinité-et-Tobago
50%
DZA / AG / DA / DZ / 7T Algérie
42%
BF / BHS / MY / BS / bs Bahamas
42%
CV / CPV / GV / cv Cap vert
29%
LCA / ST / TL / LC Sainte-Lucie
29%
Aucun quiz correspondant
Distribution des résultats
% des personnes avec chaque résultat
Percentile par nombre de réponses
Votre historique - résultats
Vous n’avez pas pris ce quiz